Earthquakes / (Record no. 2333)

MARC details
000 -LEADER
fixed length control field 00791cam a22002654a 4500
005 - DATE AND TIME OF LATEST TRANSACTION
control field 20240719092001.0
020 ## - INTERNATIONAL STANDARD BOOK NUMBER
International Standard Book Number 043926992X
020 ## - INTERNATIONAL STANDARD BOOK NUMBER
International Standard Book Number 9780439412858
040 ## - CATALOGING SOURCE
Original cataloging agency DLC
Transcribing agency DLC
Modifying agency DLC
Language of cataloging eng
050 00 - LIBRARY OF CONGRESS CALL NUMBER
Classification number QE521.3
Item number .H35 2002
082 00 - DEWEY DECIMAL CLASSIFICATION NUMBER
Classification number 551.22
Edition number 21
100 1# - MAIN ENTRY--PERSONAL NAME
Personal name Heiligman, Deborah
245 10 - TITLE STATEMENT
Title Earthquakes /
Statement of responsibility, etc. Deborah Heiligman.
250 ## - EDITION STATEMENT
Edition statement First trade printing, March 2003
260 ## - PUBLICATION, DISTRIBUTION, ETC.
Place of publication, distribution, etc. New York :
Name of publisher, distributor, etc. Scholastic,
Date of publication, distribution, etc. 2002
300 ## - PHYSICAL DESCRIPTION
Extent 48 pages :
Other physical details illustrations
Dimensions 23 cm
500 ## - GENERAL NOTE
General note Includes index.
520 ## - SUMMARY, ETC.
Summary, etc. Text and photographs describe earthquakes and the damage they cause.
521 ## - TARGET AUDIENCE NOTE
Target audience note 820
Source Lexile
650 #0 - SUBJECT ADDED ENTRY--TOPICAL TERM
Topical term or geographic name entry element Earthquakes
Form subdivision Juvenile literature.
650 #1 - SUBJECT ADDED ENTRY--TOPICAL TERM
Topical term or geographic name entry element Earthquakes.
906 ## - LOCAL DATA ELEMENT F, LDF (RLIN)
a 7
b cbc
c orignew
d 1
e ocip
f 20
g y-gencatlg
942 ## - ADDED ENTRY ELEMENTS (KOHA)
Source of classification or shelving scheme Dewey Decimal Classification
Koha item type Books
Suppress in OPAC No
999 ## -
-- 2333
-- 2333
Holdings
Withdrawn status Lost status Source of classification or shelving scheme Damaged status Not for loan Collection Home library Current library Shelving location Date acquired Total Checkouts Full call number Barcode Date last seen Price effective from Koha item type
    Dewey Decimal Classification     Non-Fiction Footprints International School Library Network Toul Kork Campus Footprints International School Library Network Toul Kork Campus A TK Campus, 4th Floor, Room B401, Non-Fiction Bookcases(7-8) 07/19/2024   HEI 551.22 QE521.3 FISTK00796 11/17/2023 07/19/2024 Books